MARC

LEADER 00000nam0a2200000 4500
001 354406
005 20231102010704.0
035 |a (RuTPU)RU\TPU\retro\11664 
090 |a 354406 
100 |a 20200619d1972 m y0rusy50 ca 
101 0 |a rus 
102 |a RU 
105 |a a j 000zy 
200 1 |a Сборник задач по элементарной математике  |e пособие для самообразования  |f Н. П. Антонов, М. Я. Выгодский, В. В. Никитин, А. И. Санкин 
205 |a 15-е изд., стер. 
210 |a Москва  |c Наука  |d 1972 
215 |a 928 с.  |c ил. 
606 1 |a Математика  |2 stltpush  |3 (RuTPU)RU\TPU\subj\67327  |9 83171 
610 1 |a самоучители 
610 1 |a учебные пособия 
610 1 |a задачи 
610 1 |a арифметика 
610 1 |a алгебра 
610 1 |a геометрия 
610 1 |a тригонометрия 
675 |a 51(076)  |v 4 
701 1 |a Антонов  |b Н. П.  |g Николай Петрович 
701 1 |a Выгодский  |b М. Я.  |g Марк Яковлевич 
701 1 |a Никитин  |b В. В.  |g Владимир Васильевич 
701 1 |a Санкин  |b А. И.  |g Александр Иосифович 
801 1 |a RU  |b 63413507  |c 20200619 
801 2 |a RU  |b 63413507  |c 20210118  |g RCR 
942 |c BK